LEADER 01525nam 22004813 450 001 9910708116503321 005 20190301164300.0 035 $a(VaAlASP)4058089 035 $a(CKB)4940000000506057 035 $a(OCoLC)47781317 035 $a(VaAlASP)ASP4058089/bord 035 $a(EXLCZ)994940000000506057 100 $a20190301d||||xx|| || g 101 0 $aeng 135 $aurbn||||a|||| 181 $ctxt$2rdacontent 182 $cc$2rdamedia 182 $cn$2rdamedia 183 $acr$2rdacarrier 200 00$aHomosexuals 210 1$a[Place of publication not identified] :$c[publisher not identified],$d[20--?] 215 $a1 online resource (1 page) 225 0 $aBorder and Migration Studies Online (Text) 225 0 $aImmigration during the Carter Administration: Records of the Cuban-Haitian Task Force (RG220) 300 $aTitle from resource description page (viewed March 01, 2019). 320 $aIncludes bibliographical references. 517 3 $aQuestions and Answers on Cuban/Haitian Refugees: Homosexuals 606 $aHumanitarian Aid 606 $aMigration and Diaspora 606 $aRefugees 606 $aGays 608 $aGovernment/court document 615 4$aHumanitarian Aid 615 4$aMigration and Diaspora 615 4$aRefugees 615 4$aGays 712 02$aUnited States Holocaust Memorial Museum. 801 0$bVaAlASP 801 1$bVaAlASP 906 $aBOOK 912 $a9910708116503321 996 $aHomosexuals$93336072 997 $aUNINA